| 000 | 00727nam a2200193Ia 4500 | ||
|---|---|---|---|
| 003 | GCL | ||
| 008 | 140319s9999 xx 000 0 ara d | ||
| 040 |
_aGCL / _cGCL |
||
| 082 | 0 | 4 |
_a189.09 _bم ق |
| 100 | 1 | _aمحمد عبدالرحمن مرحبا | |
| 245 | 1 | 0 |
_aقراءت وتحليلات فى الفلسفة العربية الاسلامية / _cمحمد عبدالرحمن مرحبا |
| 300 | _a375 ص | ||
| 490 |
_aالفلسفة فى العالم والتاريخ _v0 |
||
| 650 | 0 | 4 | _aالفلسفة الاسلامية |
| 650 | 0 | 4 | _aالحركات الفكرية عند المسلمين |
| 650 | 0 | 4 | _aالفلاسفة المسلمون |
| 650 | 0 | 4 | _aالفلسفة الاسلامية - تاريخ |
| 942 |
_2ddc _cBK |
||
| 999 |
_c41329 _d41329 |
||